[Event "Challenge"]
[Site "http://www.queenalice.com/game.php?id=1867948"]
[Date "2026.1.14"]
[Round "-"]
[White "ChrisBidlack"]
[Black "MisterTibs"]
[Result "0-1"]
[WhiteElo "2036"]
[BlackElo "2318"]

1. h4 h5 2. a4 a5 3. Nf3 Nf6 4. d4 d5 5. g3 g6 6. Bg2 Bg7 7. Bg5 Nbd7 8. Nc3 Ng4
9. Nxd5 Ndf6 10. Nf4 Rb8 11. Qd2 O-O 12. Ne5 Nxe5 13. dxe5 Qxd2+ 14. Kxd2 Ng4
15. f3 Nxe5 16. Bxe7 Re8 17. Bg5 Nc4+ 18. Ke1 Ne3 19. Kd2 Nxg2 20. Nxg2 Bxb2 21.
Rab1 Bg7 22. Nf4 f6 23. Bxf6 Bxf6 24. Nxg6 Bf5 25. Nf4 Red8+ 26. Kc1 c6 27. e4
Bh7 28. Nxh5 Bc3 29. Rb3 Bb4 30. Nf6+ Kg7 31. Nh5+ Kh6 32. Nf4 Bd2+ 33. Kb2 Rg8
34. Ne2 Bb4 35. Rd1 Rgd8 36. Rxd8 Rxd8 37. g4 Bg8 38. Re3 Bc4 39. Nf4 Bd2 40.
Ng2 Bxe3 41. Nxe3 Bf7 42. Nf5+ Kg6 43. Ne7+ Kf6 44. Nf5 Rd1 45. h5 b6 46. Ne3
Rd2 47. Kc3 Rf2 48. Kd4 Rxf3 49. c3 Rf2 50. h6 Rh2 51. Nf5 Bg6 52. Nd6 Rxh6 53.
Nc4 b5 54. axb5 cxb5 55. Nxa5 Rh4 56. e5+ Ke6 57. Kc5 Bd3 58. Nc6 Rxg4 59. Nb4
Rxb4 60. Kxb4 Kxe5 61. Kc5 Bc4 62. Kb4 Ke4 63. Ka3 Kd3 64. Kb4 Kc2 65. Ka3 Be2
66. Kb4 Kb2 67. Ka5 Kxc3 68. Kb6 b4 69. Kc5 b3 70. Kd5 b2 71. Ke4 b1=Q+ 72. Ke3
Qd3+ 73. Kf2 Bd1 74. Kg2 Bb3 75. Kh2 Kd4 76. Kg2 Ke4 77. Kh2 Kf4 78. Kh1 Kg3 79.
Kg1 Qd1# 0-1

[Event "Challenge"]
[Site "http://www.queenalice.com/game.php?id=1867949"]
[Date "2026.1.14"]
[Round "-"]
[White "ChrisBidlack"]
[Black "MisterTibs"]
[Result "0-1"]
[WhiteElo "2023"]
[BlackElo "2328"]

1. h4 h5 2. Nf3 Nf6 3. g3 d5 4. d4 g6 5. Bg5 Bg7 6. e3 Bg4 7. Be2 Nbd7 8. Ne5
Bxe2 9. Qxe2 c6 10. O-O O-O 11. Kh2 Ne4 12. f3 Nxg5 13. hxg5 Nxe5 14. dxe5 Bxe5
15. f4 Bxb2 16. Nd2 Bxa1 17. Rxa1 Qd6 18. Rb1 b6 19. Nf3 c5 20. a4 d4 21. Rd1
Qc6 22. Ra1 Qe4 23. a5 Qxe3 24. Qxe3 dxe3 25. Re1 e6 26. Rxe3 Rfd8 27. c3 Rd7
28. Ne5 Rd2+ 29. Kh3 Rad8 30. Nc6 R8d7 31. axb6 axb6 32. Ne5 Ra7 33. Re1 Raa2
34. Rh1 Rdc2 35. Nd7 Rxc3 36. Nxb6 Raa3 37. Rg1 Ra2 38. Nd7 Rcc2 39. Rh1 c4 40.
Nf6+ Kg7 41. Ne4 c3 42. g4 hxg4+ 43. Kxg4 Ra4 44. Nf6 Rb2 45. Rh7+ Kf8 46. Nd7+
Ke7 47. Ne5 Kd6 48. Rxf7 Kd5 49. Rd7+ Ke4 50. Nxg6 Ra1 51. Ne5 c2 52. Nc4 c1=Q
53. Nxb2 Qxb2 54. Kh5 Qh8+ 55. Kg6 Ra6 56. Rh7 e5+ 57. Kh5 Qxh7+ 58. Kg4 Qf5+
59. Kh4 Qxf4+ 60. Kh5 Qf7+ 61. Kg4 Kd3 62. Kh4 Ra4+ 63. Kg3 Qf4+ 64. Kh3 Qg4+
65. Kh2 Ra2+ 0-1

[Event "Challenge"]
[Site "http://www.queenalice.com/game.php?id=1868870"]
[Date "2026.2.4"]
[Round "-"]
[White "ChrisBidlack"]
[Black "MisterTibs"]
[Result "0-1"]
[WhiteElo "2019"]
[BlackElo "2331"]

1. a4 a5 2. b3 e5 3. e4 Nc6 4. Bb5 d6 5. Bxc6+ bxc6 6. Ba3 Nf6 7. d3 Be7 8. Nf3
Bg4 9. Nbd2 d5 10. Bxe7 Qxe7 11. h3 Bxf3 12. Nxf3 dxe4 13. dxe4 Qb4+ 14. Qd2
Qxe4+ 15. Qe2 Qxe2+ 16. Kxe2 e4 17. Ne5 c5 18. Rad1 O-O 19. Rd3 exd3+ 20. Nxd3
Rfe8+ 21. Kf3 Rad8 22. h4 h6 23. h5 Rd5 24. Nf4 Rd2 25. g4 Rxc2 26. Nd3 Rc3 27.
Rd1 Rd8 28. Ke2 Nxg4 29. Rg1 Nf6 30. Nf4 Rxb3 31. Ng2 Nxh5 32. Rh1 Nf6 33. Ne3
Rd4 34. Rg1 Rxa4 35. Nf5 Ra2+ 36. Kf1 Ra1+ 37. Kg2 Rxg1+ 38. Kxg1 a4 39. Ne7+
Kf8 40. Nc6 a3 41. Na5 Rb1+ 42. Kg2 a2 43. Nb3 Rxb3 44. f3 a1=Q 45. Kg3 Qg1+ 46.
Kh4 g5+ 0-1

[Event "Challenge"]
[Site "http://www.queenalice.com/game.php?id=1868871"]
[Date "2026.2.4"]
[Round "-"]
[White "ChrisBidlack"]
[Black "MisterTibs"]
[Result "1-0"]
[WhiteElo "2023"]
[BlackElo "2328"]

1. a4 a5 2. h4 h5 3. e4 e5 4. Be2 Nc6 5. c3 Nf6 6. d3 d5 7. d4 dxe4 8. dxe5
Qxd1+ 9. Bxd1 Bc5 10. exf6 gxf6 11. Ne2 Bg4 12. Be3 Bxe3 13. fxe3 O-O-O 14. Nd2
Rhe8 15. Nf4 Bxd1 16. Kxd1 Rh8 17. Ke2 f5 18. Rad1 Ne5 19. Nb3 b6 20. Rd4 c5 21.
Rd2 Rxd2+ 22. Kxd2 Nc4+ 23. Kc2 Nxe3+ 24. Kb1 Kc7 25. Nd2 Ng4 26. Kc2 Kc6 27.
Nc4 b5 28. Nxa5+ Kb6 29. Nb3 bxa4 30. Nd2 Rd8 31. Nc4+ Kb5 32. Na3+ Kc6 33. Nxh5
e3 34. Nf4 Re8 35. Re1 Re4 36. g3 c4 37. h5 Re8 38. Nxc4 Re4 39. Kd3 Kc5 40.
Rxe3 Rxc4 41. Re7 Nf2+ 42. Kc2 Kd6 43. Rxf7 Nh1 44. h6 Rc8 45. h7 Rh8 46. Ng6
Rxh7 47. Rxh7 Nxg3 48. Ra7 Ne4 49. Rxa4 Ke6 50. Nf4+ Ke5 51. Nh5 Nd6 52. c4 Kd4
53. b3 Ne4 54. Ra5 Nc5 55. Nf4 Ne4 56. Rd5+ Ke3 57. Rxf5 Ng3 58. Rf8 Kd4 59.
Rd8+ Kc5 60. Nd3+ Kc6 61. Kc3 Kc7 62. Rg8 Nf5 63. b4 Nd6 64. c5 Nf5 65. Rg5 Nh4
66. Kc4 Nf3 67. Rh5 Nd2+ 68. Kb5 Nb3 69. Rh7+ Kd8 70. c6 Nd4+ 71. Kb6 Ne6 72.
Nc5 Ke8 73. c7 Nxc7 74. Kxc7 Kf8 75. b5 Kg8 76. b6 Kxh7 77. b7 Kg6 78. b8=Q Kf5
79. Qe8 Kf4 80. Qe4+ Kg5 81. Ne6+ Kf6 82. Nf4 Kg5 83. Nh3+ Kf6 84. Kd6 Kf7 85.
Qe7+ Kg6 86. Qe5 Kf7 87. Qe6+ Kg7 88. Ng5 Kh8 89. Ke7 Kg7 90. Qf6+ Kg8 91. Qf8#
1-0

[Event "Challenge"]
[Site "http://www.queenalice.com/game.php?id=1868872"]
[Date "2026.2.4"]
[Round "-"]
[White "ChrisBidlack"]
[Black "MisterTibs"]
[Result "0-1"]
[WhiteElo "2015"]
[BlackElo "2334"]

1. a4 a5 2. h4 h5 3. e4 e5 4. Be2 Nc6 5. c3 Nf6 6. d3 d5 7. Bg5 Be7 8. Bxf6 Bxf6
9. Bxh5 Bxh4 10. Bf3 Bxf2+ 11. Kxf2 Rxh1 12. Nd2 Qh4+ 13. Kf1 d4 14. c4 Be6 15.
Bh5 Qxh5 16. Qxh5 Rxh5 17. Ndf3 O-O-O 18. Kf2 Rdh8 19. Ne2 Rh1 20. Rg1 f6 21.
Ng3 Rxg1 22. Kxg1 Nb4 23. Ne1 b6 24. b3 Kb7 25. Ne2 Bg4 26. Ng3 Bd1 27. Nf5 g6
28. Ne7 g5 29. g3 Rh7 30. Ng8 Rf7 31. Nh6 Rf8 32. Nf5 Bxb3 33. Ng7 Bxa4 34. Nf3
Bc2 35. Ne6 Rf7 36. g4 Bxd3 37. Nd2 a4 38. Kf2 Rh7 39. Kg3 a3 40. c5 bxc5 41.
Nxc5+ Kc6 42. Ncb3 Bc2 43. Na1 Ba4 44. Kf3 Nc2 45. Nab3 a2 46. Nc4 Rh3+ 0-1

[Event "Challenge"]
[Site "http://www.queenalice.com/game.php?id=1870240"]
[Date "2026.3.9"]
[Round "-"]
[White "ChrisBidlack"]
[Black "MisterTibs"]
[Result "0-1"]
[WhiteElo "2027"]
[BlackElo "2325"]

1. h4 h5 2. a4 a5 3. e4 e5 4. Nf3 Nc6 5. Bb5 d6 6. d4 exd4 7. Bxc6+ bxc6 8. Nxd4
Bd7 9. O-O Nf6 10. Bg5 Be7 11. Bxf6 Bxf6 12. c3 c5 13. Nf3 Bg4 14. Nbd2 g6 15.
Qb3 Rb8 16. Qc2 O-O 17. g3 Re8 18. Rfe1 Qd7 19. Rab1 Qc6 20. Nh2 Be6 21. Kg2 Bg7
22. Nhf3 Qd7 23. Kh2 Qc6 24. Re2 Bg4 25. Re3 Qb6 26. Nc4 Qa6 27. Qd3 Be6 28.
Nfd2 Bh6 29. Ree1 Bxd2 30. b3 Bxe1 31. Rxe1 Rxb3 32. Ne5 Qxd3 33. Nxd3 Rxc3 34.
Nf4 Bb3 35. Ne2 Rxe4 36. Kg2 Rc2 37. Rb1 Rexe2 38. Kf3 Rxf2+ 39. Ke4 Bxa4 40.
Ke3 Rce2+ 41. Kd3 Bc2+ 42. Kc4 Bxb1 43. Kb5 Rb2+ 44. Kc6 c4 45. Kd7 Bf5+ 46. Kc6
c3 47. g4 Bxg4 48. Kd5 c2 49. Kd4 c1=Q 50. Kd3 Rbd2+ 51. Ke3 Qe1# 0-1

[Event "Challenge"]
[Site "http://www.queenalice.com/game.php?id=1870743"]
[Date "2026.3.20"]
[Round "-"]
[White "ChrisBidlack"]
[Black "MisterTibs"]
[Result "0-1"]
[WhiteElo "2041"]
[BlackElo "2314"]

1. a4 a5 2. h4 h5 3. e4 e5 4. Nf3 Nc6 5. Bb5 d6 6. O-O Nf6 7. Bxc6+ bxc6 8. d3
Be7 9. g3 Bg4 10. Nbd2 O-O 11. Qe1 Qd7 12. Qe3 Bxf3 13. Nxf3 Ng4 14. Nh2 Nxe3
0-1

[Event "Challenge"]
[Site "http://www.queenalice.com/game.php?id=1870809"]
[Date "2026.3.22"]
[Round "-"]
[White "ChrisBidlack"]
[Black "MisterTibs"]
[Result "0-1"]
[WhiteElo "2049"]
[BlackElo "2311"]

1. a4 a5 2. d4 d5 3. h4 h5 4. e3 Nf6 5. Be2 g6 6. Nf3 Bg7 7. c3 Bg4 8. Ng5 Bxe2
9. Qxe2 Nc6 10. Na3 O-O 11. O-O Qd6 12. Nb5 Qd8 13. b3 e5 14. e4 exd4 15. Nxd4
Nxd4 16. cxd4 dxe4 17. Nxe4 Nxe4 18. Qxe4 Qxd4 19. Qxd4 Bxd4 20. Ra2 b6 21. Bf4
c5 22. Re2 Rfe8 23. Rfe1 Rxe2 24. Rxe2 Rc8 25. Bd6 Kg7 26. Re7 Kf6 27. Rb7 Rc6
28. Bc7 c4 29. bxc4 Rxc4 30. Bxb6 Bxb6 31. Rxb6+ Kg7 32. Rb5 Rxa4 33. g3 Ra1+
34. Kg2 a4 35. Ra5 a3 36. Kf3 a2 37. g4 hxg4+ 38. Kxg4 Rg1+ 39. Kf3 a1=Q 40. Re5
Qxe5 41. h5 Qf5+ 42. Ke3 Qxh5 43. f3 Rf1 44. Kd4 Qxf3 45. Kc5 Rc1+ 46. Kd4 Qf5
47. Ke3 Rc3+ 48. Kd4 Qd3+ 49. Ke5 Qd2 50. Ke4 Re3+ 51. Kf4 Qf2+ 52. Kg4 Rg3+ 53.
Kh4 Qh2# 0-1

[Event "Challenge"]
[Site "http://www.queenalice.com/game.php?id=1871297"]
[Date "2026.4.1"]
[Round "-"]
[White "ChrisBidlack"]
[Black "MisterTibs"]
[Result "0-1"]
[WhiteElo "2031"]
[BlackElo "2322"]

1. Nc3 e5 2. e4 Nc6 3. Bb5 d6 4. Bxc6+ bxc6 5. Nf3 Nf6 6. d3 Be7 7. O-O O-O 8.
Be3 Ng4 9. h3 Nxe3 10. Qe2 Nxf1 11. Kxf1 Be6 12. Qe3 f5 13. Ke2 f4 14. Qd2 Rb8
15. Qe1 Rxb2 16. Qc1 Qb8 17. Rb1 Rxb1 18. Nxb1 Bxa2 19. Nc3 Be6 20. Qa1 Bf6 21.
Qa4 Qb6 22. Qc4 Bxc4 0-1

[Event "Challenge"]
[Site "http://www.queenalice.com/game.php?id=1871349"]
[Date "2026.4.3"]
[Round "-"]
[White "ChrisBidlack"]
[Black "MisterTibs"]
[Result "0-1"]
[WhiteElo "2051"]
[BlackElo "2307"]

1. Nf3 d5 2. d4 Nc6 3. e3 Bg4 4. Nbd2 e5 5. h3 Bxf3 6. Nxf3 e4 7. Ne5 Qd6 8. Bb5
Nf6 9. Bxc6+ bxc6 10. Bd2 Be7 11. Qe2 Nd7 12. Ng4 Nf6 13. a3 h6 14. O-O-O Nxg4
15. Qxg4 O-O 16. Bb4 Qf6 17. Rd2 Bxb4 18. axb4 Qe7 19. c3 a5 20. bxa5 Rxa5 21.
Rdd1 Ra1+ 22. Kc2 Rxd1 23. Rxd1 Qf6 24. f4 exf3 25. Qxf3 Qg6+ 26. Kb3 Rb8+ 27.
Ka3 Qe6 28. Rf1 f6 29. Ka2 Re8 30. Re1 Qc8 31. Kb1 Qa6 32. Qg3 Qd3+ 33. Ka2 Ra8+
34. Kb3 Rb8+ 35. Ka2 Qc2 36. Qf2 Rxb2+ 37. Ka1 Ra2# 0-1

[Event "Challenge"]
[Site "http://www.queenalice.com/game.php?id=1871537"]
[Date "2026.4.6"]
[Round "-"]
[White "ChrisBidlack"]
[Black "MisterTibs"]
[Result "0-1"]
[WhiteElo "2043"]
[BlackElo "2315"]

1. h4 h5 2. Nf3 Nf6 3. a4 a5 4. e4 d6 5. d3 e5 6. g3 Nc6 7. Bg5 Be7 8. Nbd2 Bg4
9. Bxf6 Bxf6 10. Be2 O-O 11. Nh2 Bxe2 12. Qxe2 Nd4 13. Qd1 Qd7 14. O-O b5 15. c3
Ne6 16. Kg2 Rfb8 17. Ra3 bxa4 18. Qxa4 Qxa4 19. Rxa4 Rxb2 20. Nc4 Rb7 21. Rxa5
Rxa5 22. Nxa5 Ra7 23. Nc6 Ra3 24. Rc1 Nc5 25. Nb4 g6 26. Nd5 Bd8 27. d4 Nxe4 28.
Nf3 c6 29. Ne3 c5 30. Nc4 Ra2 31. Ng5 Bxg5 32. Rf1 cxd4 33. Kh3 Nxf2+ 34. Kg2
Ng4+ 35. Kg1 dxc3 36. Nxd6 c2 37. Nxf7 Be3+ 38. Kh1 c1=Q 39. Rxc1 Rh2# 0-1

[Event "Challenge"]
[Site "http://www.queenalice.com/game.php?id=1872282"]
[Date "2026.4.22"]
[Round "-"]
[White "ChrisBidlack"]
[Black "MisterTibs"]
[Result "0-1"]
[WhiteElo "2038"]
[BlackElo "2319"]

1. a4 a5 2. h4 h5 3. e4 e5 4. Nf3 Nc6 5. Bb5 d6 6. O-O Bd7 7. Kh2 Nf6 8. Bxc6
Bxc6 9. g3 Bxe4 10. d3 Bc6 11. Bg5 Be7 12. Bxf6 Bxf6 13. Nbd2 Bxa4 14. Rxa4 Qd7
15. Rc4 b5 16. Re4 g6 17. Qe2 O-O 18. Ng5 Bxg5 19. hxg5 Qf5 20. Qe3 c5 21. c4
bxc4 22. Rxc4 Rfb8 23. b3 Rb4 24. Ra1 Rxc4 25. Nxc4 Rb8 26. Nxd6 Qe6 27. Qxc5
Qxb3 28. Qc7 Rf8 29. Rxa5 Qxd3 30. Rxe5 Qf3 31. Ne4 Ra8 32. Nf6+ Kg7 33. Re7
Qxf2+ 34. Kh3 Qf1+ 35. Kh4 Qh1# 0-1

[Event "Challenge"]
[Site "http://www.queenalice.com/game.php?id=1872566"]
[Date "2026.4.28"]
[Round "-"]
[White "ChrisBidlack"]
[Black "MisterTibs"]
[Result "0-1"]
[WhiteElo "2028"]
[BlackElo "2329"]

1. a4 a5 2. h4 h5 3. g3 e5 4. e4 Nf6 5. d3 g6 6. Bg5 Bg7 7. Bxf6 Qxf6 8. Qf3 Qb6
9. b3 Nc6 10. Ne2 Nd4 11. Nxd4 Qxd4 12. c3 Qb6 13. Ra3 d6 14. Qe3 Qc6 15. c4 Be6
16. Nc3 Rb8 17. Bg2 O-O 18. Nd5 Bxd5 19. exd5 Qd7 20. Bh3 Qd8 21. O-O c6 22. Qe4
Qc7 23. Ra2 Qb6 24. Rb2 Kh7 25. Rfb1 c5 26. Bd7 Qd8 27. Bb5 f5 28. Qe1 b6 29. f3
e4 30. dxe4 Bxb2 31. Rxb2 Qf6 32. Qd2 fxe4 33. f4 Rf7 34. Rb1 Qf5 35. Re1 Qg4
36. Kh2 Qf3 37. Re3 Qg4 38. Rxe4 Rbf8 39. Re6 Rf6 40. Re7+ R8f7 41. Re8 Qf3 42.
Re3 Qg4 43. Be8 Rf8 44. Re7+ Kg8 45. f5 Rxf5 46. Kg1 Qxg3+ 47. Qg2 Qxg2+ 48.
Kxg2 Rf2+ 49. Kg1 g5 50. Bxh5 gxh4 51. Re4 h3 52. Rg4+ Kh7 53. Bg6+ Kh6 54. b4
cxb4 55. c5 bxc5 56. Rh4+ Kxg6 57. Rxh3 Rf1+ 58. Kg2 R8f2+ 59. Kg3 Rf3+ 60. Kg2
Rxh3 61. Kxf1 Rc3 62. Ke1 Rd3 63. Ke2 Rd4 64. Ke3 b3 65. Ke2 b2 66. Ke3 b1=Q 67.
Ke2 Qc2+ 68. Ke3 Qc3+ 69. Ke2 Rd2+ 0-1

[Event "Challenge"]
[Site "http://www.queenalice.com/game.php?id=1872567"]
[Date "2026.4.28"]
[Round "-"]
[White "ChrisBidlack"]
[Black "MisterTibs"]
[Result "0-1"]
[WhiteElo "2032"]
[BlackElo "2326"]

1. h4 h5 2. a4 a5 3. g3 e5 4. e4 Nf6 5. Bh3 d5 6. d3 Bxh3 7. Nxh3 dxe4 8. Qe2
Qd4 9. c3 Qxd3 10. Bg5 Qxe2+ 11. Kxe2 Ng4 12. Nd2 Be7 13. Nxe4 Nd7 14. Bxe7 Kxe7
15. Rad1 Ngf6 16. Nxf6 Nxf6 17. Rd2 Rad8 18. Rhd1 Rxd2+ 19. Rxd2 Rd8 20. Rxd8
Kxd8 21. Ke3 Kd7 22. Ng5 Ng4+ 23. Kf3 f6 24. Ne4 b6 25. Ke2 Nh6 26. f3 Nf5 27.
Kd3 Nd6 28. Nd2 c5 29. Nf1 Kc6 30. Ne3 b5 31. axb5+ Nxb5 32. c4 Nd4 33. f4 exf4
34. gxf4 a4 35. Kc3 Ne2+ 36. Kd3 Nxf4+ 37. Ke4 g5 38. hxg5 fxg5 39. Nc2 Ng2 40.
Kf3 Nf4 41. Ne3 Nd3 42. Nd1 Ne5+ 43. Ke4 Nxc4 44. Nc3 Nxb2 45. Kf3 c4 46. Kg3
Kc5 47. Nxa4+ Nxa4 48. Kh3 c3 49. Kh2 c2 50. Kg2 c1=Q 51. Kg3 Qg1+ 52. Kh3 g4+
53. Kh4 g3 54. Kg5 g2 55. Kf4 Qf1+ 56. Kg3 g1=Q+ 57. Kh4 Qg4# 0-1

[Event "Challenge"]
[Site "http://www.queenalice.com/game.php?id=1872984"]
[Date "2026.5.6"]
[Round "-"]
[White "ChrisBidlack"]
[Black "MisterTibs"]
[Result "0-1"]
[WhiteElo "2017"]
[BlackElo "2338"]

1. Nf3 Nf6 2. Nc3 d5 3. d4 Bg4 4. Ne5 Nc6 5. h3 Bd7 6. Nxd7 Qxd7 7. Bg5 h6 8.
Bxf6 exf6 9. e3 Bb4 10. Bd3 a6 11. O-O O-O 12. a3 Bxc3 13. bxc3 Rfe8 14. Qg4
Qxg4 15. hxg4 Ne7 16. a4 a5 17. Rab1 b6 18. Bb5 c6 19. Bd3 g6 20. f3 Kg7 21. Kf2
f5 22. g5 hxg5 23. Rh1 Rh8 24. Rxh8 Rxh8 25. Rxb6 Ra8 26. c4 dxc4 27. Bxc4 Ra7
28. c3 Nd5 29. Bxd5 cxd5 30. Rb5 Kf6 31. Rxd5 Ke6 32. Re5+ Kd6 33. Rb5 Kc6 34.
Ke2 Kd6 35. d5 Ra6 36. g3 g4 37. f4 f6 38. Kd3 g5 39. fxg5 fxg5 40. Kd4 Ra8 41.
Rb6+ Ke7 42. Ke5 Rc8 43. Rc6 Rb8 44. Ra6 Rb3 45. Kd4 Rb1 46. e4 f4 47. Ke5 fxg3
48. d6+ Kd7 49. Ra7+ Kc8 50. d7+ Kd8 51. Ke6 Rb8 52. Kd6 g2 53. Rxa5 g1=Q 54.
Rxg5 Rb6+ 55. Kd5 Kxd7 56. Rg7+ Ke8 57. Rg8+ Kf7 58. Rg5 Qd1+ 59. Kc5 Qd6+ 60.
Kc4 Rc6+ 61. Kb3 Qe6+ 62. Ka3 Qe7+ 63. Kb3 Qxg5 64. c4 Qe3+ 65. Kb4 Qc5+ 66. Kb3
Qxc4+ 67. Kb2 Rb6+ 68. Ka1 Qc3+ 69. Ka2 Qb2# 0-1

[Event "Challenge"]
[Site "http://www.queenalice.com/game.php?id=1873226"]
[Date "2026.5.10"]
[Round "-"]
[White "ChrisBidlack"]
[Black "MisterTibs"]
[Result "0-1"]
[WhiteElo "2037"]
[BlackElo "2323"]

1. h4 h5 2. a4 a5 3. Nf3 d5 4. d4 Nf6 5. e3 Bg4 6. Be2 Nc6 7. c3 e6 8. O-O Be7
9. g3 g6 10. Ne5 Bxe2 11. Qxe2 O-O 12. Nxc6 bxc6 13. Nd2 Bd6 14. Nf3 c5 15. b3
cxd4 16. Nxd4 Ne4 17. Bd2 c5 18. Nf3 Qb8 19. Rab1 Qc7 20. c4 dxc4 21. Qxc4 Nxd2
22. Nxd2 Rad8 23. Ne4 Be7 24. Rbd1 Qc6 25. Nxc5 Qxc5 26. Qe4 Rb8 27. Rc1 Qb4 28.
Qe5 Rbc8 29. Rb1 Rc5 30. Rfd1 Rxe5 31. Rd4 Qc3 32. Rc4 Qd3 33. Rbc1 Bb4 34. Kg2
Qxb3 35. Kf3 Qxa4 36. Kf4 Rf5+ 37. Ke4 Rxf2 38. Ke5 Rf3 39. Re4 Bd6+ 40. Kxd6
Qxe4 41. g4 Qxe3 42. gxh5 Qxc1 43. Ke7 Qc7# 0-1

[Event "Challenge"]
[Site "http://www.queenalice.com/game.php?id=1873914"]
[Date "2026.5.25"]
[Round "-"]
[White "ChrisBidlack"]
[Black "MisterTibs"]
[Result "0-1"]
[WhiteElo "2024"]
[BlackElo "2332"]

1. a4 a5 2. h4 h5 3. c4 e5 4. e4 Nf6 5. Nc3 Be7 6. Be2 Nc6 7. d3 Nd4 8. Nb5 Bb4+
9. Bd2 Bxd2+ 10. Kxd2 Nxb5 11. cxb5 b6 12. Rh3 d5 13. Rg3 g6 14. f3 dxe4 15. Ke1
Qd4 16. Nh3 Bxh3 17. Rxh3 exd3 18. Qxd3 Qg1+ 19. Kd2 Qxa1 20. Qc2 O-O 21. g4
Rad8+ 22. Bd3 Qg1 23. Kc3 Qc5+ 24. Bc4 Nd5+ 25. Kb3 Ne3 26. Qc3 Qxc4+ 27. Qxc4
Nxc4 28. Kxc4 hxg4 29. Rg3 gxf3 30. Rxf3 Rd4+ 31. Kb3 Rxh4 32. Ka2 Rxa4+ 33. Kb3
Rb4+ 34. Ka3 Rxb5 35. b3 e4 36. Re3 f5 37. Ka4 Rd8 38. Kxb5 Rd3 39. Rg3 Rxg3 40.
Kc6 Rxb3 41. Kxc7 a4 0-1